01638nam a22002297a 4500003000400000005001700004008004100021020001800062040001300080082001800093100002600111245005000137260003000187300003100217500089100248650002601139650003501165700003201200942001301232999001701245952014601262OSt20210204160629.0210204b ||||| |||| 00| 0 spa d a9788445006825 cCO-MqBPB aR 778.5bK63j aKogge, MichaeleAutor aJuego de tronos:bstoryboards/cMichael Kogge aChina:bMinotauro,c2019. a319 pg.bTapa dura,c24 cm aEl «detrás de las cámaras» del fenómeno de televisión mundial de HBO, Juego de Tronos. Un compendio definitivo que presenta, con un aspecto único, las escenas fundamentales y el arte conceptual de uno de los proyectos de televisión visualmente más dinámicos, que cuenta con un rico desarrollo y un arte único. Esta cuidada edición de coleccionista se presenta en un estuche de lujo. Juego de Tronos es la serie más vista del momento. Una superproducción de HBO que cuenta con millones de espectadores y seguidores en todo el mundo. Este guion gráfico oficial incluye los bocetos originales que se han utilizado para la serie. Este libro es perfecto para una serie que destaca por su dinamismo visual y por la calidad estética de su imagen. . Juego de Tronos ha estrenado su última temporada con un récord de audiencia de 17,4 millones de espectadores. 2LiteraturavFicción 2Cinematografíavstory boards aWilliam SimpsoneIlustrador 2ddccREF c13033d13033 00102ddc40708REFaBPMOSbBPMOSd2021-02-04eCompraintl0oR 778.5 K63jpMOS500795r2021-02-04tej 1w2021-02-04yREFzPréstamo en sala